1530 1942 1718 1305 1547 1340 1435 1450 1551 1446 1755 1104 1268 1636 1233 1825 1037 1985 1208 1430 1209 1971 1274 1597 1910 1482 1469 1987 1732 1666 1878 1729 1258 1669 1002 1222 1871 1857 1614 1970 1496 1186 1039 1703 1796 1738 1860 1587 1179 1585 1356 1395 2000 1371 1704 1136 1793 1165 1496 1603 1236 1965 1808 1214 1808 1169 1606 1390 1816 1219 1101 1720 1680 1726 1752 1468 1670 1083 1985 1464 1096 1956 1198 1307 1106 1533 1883 1101 1137 1738 1156 1877 1639 1303 1257 1415 1401 1055 1717 BCNSPRNW ULIB Ver.6.0+V

เปลี่ยนเป็นภาษาไทย

Change to English
 แสดงรายละเอียดบรรณานุกรม
  กลับหน้าหลัก

Brief Record : Get Marc (ISO 2709) : E-mail record : QR code < ปิดหน้าต่าง
LEADER : 00000nam 2200000uu 4500
001    13399110309
003     ULIB
008    110428s2545||||th 000 0 tha d
020    9748856844
060  4 WM203^bส644ผ 2545
245 00 ผมคือออทิสติก /^cLife & Family ; บรรณาธิการ, สุภาวดี หาญเมธี ...[และคนอื่นๆ]
250    พิมพ์ครั้งที่ 3
260    กรุงเทพฯ :^bแปลน พับลิชชิ่ง,^c2545
300    103 หน้า ;^c21 ซม
440  0 ชุดดูแลพัฒนาการ
500    หน้าปกให้ชื่อว่า: ผมคือ...ออทิสติก / นัชเขียนเอง
650  2 Autistic Disorder
700 0  นัช
700 0  สุภาวดี หาญเมธี,^eบรรณาธิการ
710 2  Life & Family
945    ^p115^l0^i018303
995    ทศพร
999 ^a ใช้งานได้ทุกระบบ
รายการนี้ยังไม่มีแท็ก
คุณยังไม่ได้ล็อกอิน คุณสามารถมีกิจกรรมร่วมกับเว็บไซต์ได้ แต่ต้องล็อกอินก่อน ::
  ล็อกอิน

รายการสื่อสารสนเทศ

ลำดับที่ ประเภท เลขเรียก/บาร์โค้ด สถานที่ สถานะ
- ไม่พบข้อมูล -

รายการใกล้เคียง
    หัวเรื่อง [Autistic Disorder]

BibComment


ยังไม่เคยถูกคอมเมนท์

คอมเมนท์ทรัพยากรรายการนี้
  คอมเมนท์: ผมคือออทิสติก Li..


 Copyright 2026. Bcnsprnw @Library